Young Justice - Statistics

General Stats
  • This quiz has been taken 22 times
  • The average score is 24 of 37
Answer Stats
Secret Identity Mentor Designation Answer % Correct
Kaldur'ahm Aquaman B-02 Aqualad
100%
Bart Allen Flash B-23 Impulse
100%
Dick Grayson Batman B-01 Nightwing
100%
Connor Kent Superman B-04 Superboy
100%
Wally West Flash B-03 Kid Flash
95%
Will Harper Green Arrow B-06 Red Arrow
95%
Jason Todd Batman B-13 Robin
95%
Tim Drake Batman B-20 Robin
95%
Zatanna Zatara Zatara B-08 Zatanna
95%
Barbara Gordon Batman B-16 Batgirl
90%
Garfield Logan B-05 B-19 Beast Boy
90%
Artemis Crock Green Arrow B-07 Tigress
90%
Cassie Sandsmark Wonder Woman B-21 Wonder Girl
90%
M'gann M'orzz Martian Manhunter B-05 Miss Martian
80%
Karen Beecher Atom B-17 Bumblebee
75%
Jaime Reyes Ted Kord B-22 Blue Beetle
70%
Victor Stone N/A B-35 Cyborg
65%
La'gaan Aquaman B-18 Lagoon Boy
65%
Stephanie Brown Batman B-28 Spoiler
65%
Cissie King Green Arrow B-27 Arrowette
60%
Roy Harper Green Arrow B-25 Arsenal
60%
Cassandra Wu-San Batman B-36 Orphan
60%
Tula Aquaman B-11 Aquagirl
50%
Raquel Ervin Icon B-09 Rocket
50%
Virgil Hawkins Black Lightning B-26 Static
50%
Brion Markov B-01 B-30 Geo-Force
45%
Mal Duncan Jim Harper B-24 Guardian
45%
Tara Markov B-01 B-33 Terra
45%
Donna Troy Wonder Woman B-12 Troia
40%
Fred Bugg B-01 B-32 Forager
35%
Violet Harper B-01 B-31 Halo
35%
Freddy Freeman Captain Marvel B-14 Lieutenant Marvel
25%
Mary Bromfield Captain Marvel B-15 Sergeant Marvel
25%
Garth Aquaman B-10 Tempest
25%
Traci Thurston B-08 B-29 Thirteen
25%
Eduardo Durado N/A B-34 El Dorado
15%
Andie Murphy N/A B-37 Mist
10%
No matching quizzes found
Score Distribution
Percent of People with Each Score
Percentile by Number Answered
Your Score History
You have not taken this quiz